Veřejné finance v teorii a praxi. 8.

Pokračovanie 14. kapitoly - Prehľad daňovej a výdajovej incidencie. 15. kapitola - Zásady daňovej incidencie. Dane z produkcie a z faktorov pri čiastkovej rovnováhe. Elasticita dopytu a ponuky, rozdelenie daňového bremena.

Gespeichert in:
Bibliographische Detailangaben
1. Verfasser: Musgrave, R.A
Weitere Verfasser: Musgraveová, P.B
Format: Buchkapitel
Sprache:Tschechisch
Schlagworte:
Tags: Tag hinzufügen
Keine Tags, Fügen Sie das erste Tag hinzu!

MARC

LEADER 00000naa a2200000 4500
001 r013594
005 20221205075851.1
041 0 |a cze 
044 |a CZ 
245 1 0 |a Veřejné finance v teorii a praxi. 8.  |c R.A. Musgrave, P.B. Musgraveová 
520 |a Pokračovanie 14. kapitoly - Prehľad daňovej a výdajovej incidencie. 15. kapitola - Zásady daňovej incidencie. Dane z produkcie a z faktorov pri čiastkovej rovnováhe. Elasticita dopytu a ponuky, rozdelenie daňového bremena. 
610 2 0 |a financie verejné 
610 2 0 |a dane 
610 2 0 |a dane spotrebné 
610 2 0 |a daňovníci 
610 2 0 |a ceny 
610 2 0 |a pružnosť dopytu 
610 2 0 |a pružnosť ponuky 
610 2 0 |a rovnováha hospodárska 
100 1 |a Musgrave, R.A. 
700 1 |a Musgraveová, P.B.